[Event "Druzynowe Mistrzostwa Polski - II Liga 2023"]
[Site "Jastrzebia Gora"]
[Date "1899-12-30"]
[Round "3.116"]
[White "Kielbratowski, Aleksander"]
[Black "Liberadzki, Slawomir"]
[Result "1/2-1/2"]
[WhiteTitle "I+"]
[BlackTitle "k"]
[WhiteElo "1969"]
[BlackElo "1958"]

1. e4 c5 2. d4 cxd4 3. c3 d5 4. exd5 Qxd5 5. Nf3 Nc6 6. Be2 Nf6 7. cxd4 e6 8. Nc3
Qd6 9. O-O Be7 10. h3 O-O 11. Be3 Nb4 12. Qb3 b6 13. Rac1 Bb7 14. Ne5 a6 15. Rfd1
Nbd5 16. Bg5 b5 17. Bf3 Nxc3 18. Rxc3 Bxf3 19. Rxf3 Rac8 20. Bxf6 gxf6 21. Ng4
f5 22. Nh6+ Kh8 23. d5 Qe5 24. dxe6 Qxe6 25. Nxf5 Qxb3 26. Rxb3 Bf6 27. g3 Rfd8
28. Rbd3 Rxd3 29. Rxd3 Bxb2 30. Rd7 Ra8 31. Rxf7 a5 32. Rb7 b4 33. g4 Bc3 34.
Ne3 Bd4 35. Rb5 Re8 36. Nd5 Re2 37. Rxa5 Rxf2 38. Kh1 Bc3 39. Ra7 Rd2 40. Nf4
Be5 41. Ne6 h6 42. g5 hxg5 43. Nxg5 Rh2+ 44. Kg1 Bd4+ 45. Kxh2 Bxa7 46. Kg3 Kg7
47. Kg4 Kf6 48. Nf3 Be3 49. h4 Ke6 50. h5 Kf6 51. Nh4 Bc1 52. Nf3 Ke5 1/2-1/2

[Event "Druzynowe Mistrzostwa Polski - II Liga 2023"]
[Site "Jastrzebia Gora"]
[Date "1899-12-30"]
[Round "3.117"]
[White "Kuma, Boguslaw"]
[Black "Kielek, Andrzej"]
[Result "1/2-1/2"]
[WhiteTitle "k"]
[BlackTitle "I++"]
[WhiteElo "2073"]
[BlackElo "1897"]

1. e4 c5 2. Nf3 d6 3. d4 cxd4 4. Nxd4 Nf6 5. Nc3 g6 6. Be3 Bg7 7. f3 Nc6 8. Bc4
Bd7 9. Qd2 O-O 10. O-O-O Rc8 11. Bb3 Ne5 12. Kb1 Nc4 13. Bxc4 Rxc4 14. g4 b5 15.
b3 Rc8 16. g5 Nh5 17. Nde2 a5 18. Nd5 a4 19. Ng3 Be6 20. Nxh5 gxh5 21. Bb6 Qd7
22. Bd4 Bxd5 23. Bxg7 Kxg7 24. Qxd5 Qc7 25. Rc1 Qc3 26. Qd3 axb3 27. axb3 Qe5
28. c3 Rc5 29. h4 Rfc8 30. Qd4 Rxc3 31. Qxe5+ dxe5 32. Kb2 b4 33. Rhf1 f6 34.
gxf6+ exf6 35. Rfd1 Kg6 36. Rg1+ Kf7 37. Ra1 R8c7 38. Ra4 Rxf3 39. Rxb4 Rf4 40.
Rh1 f5 41. Rb6 Rxe4 42. Rh6 Re2+ 43. Ka3 Kg7 44. Rxh5 Kg6 45. Rg5+ Kf6 46. Rd1
Ra7+ 47. Kb4 Re4+ 48. Kc5 Rxh4 49. Rg8 f4 50. Rf8+ Rf7 51. Rd6+ Kg7 52. Rxf7+
Kxf7 53. Kd5 Rh5 54. Ke4 Ke7 55. Ra6 Rg5 56. Ra7+ Kd6 57. Rxh7 Kc5 58. Rb7 Rh5
59. Rb8 Kc6 60. Rb4 Kc5 61. Rb8 Rh7 62. Kxe5 Rf7 63. Kd4+ Kd5+ 1/2-1/2

[Event "Druzynowe Mistrzostwa Polski - II Liga 2023"]
[Site "Jastrzebia Gora"]
[Date "1899-12-30"]
[Round "3.118"]
[White "Kielbratowski, Maciej"]
[Black "Pajak, Jakub"]
[Result "0-1"]
[WhiteTitle "II+"]
[BlackTitle "I++"]
[WhiteElo "1687"]
[BlackElo "1863"]

1. d4 d5 2. c4 e6 3. Nf3 c6 4. Nc3 dxc4 5. a4 Bb4 6. Bg5 Ne7 7. g3 h6 8. Bd2 Qa5
9. e4 c5 10. Bxc4 cxd4 11. Nxd4 Nbc6 12. Nb3 Qd8 13. O-O O-O 14. Qh5 Nd4 15. Rad1
Qc7 16. Bxe6 Nxe6 17. Nb5 Qc4 18. Bxb4 Qxb4 19. N3d4 a6 20. Nxe6 Bxe6 21. Nc7
Bb3 22. Rd3 Bc4 23. Rd4 Rad8 24. Rfd1 Rxd4 25. Rxd4 Qe1+ 26. Kg2 Bf1+ 27. Kf3
Be2+ 0-1

[Event "Druzynowe Mistrzostwa Polski - II Liga 2023"]
[Site "Jastrzebia Gora"]
[Date "1899-12-30"]
[Round "3.119"]
[White "Koziol, Pawel"]
[Black "Kolodziejski, Grzegorz"]
[Result "1-0"]
[WhiteTitle "I++"]
[BlackTitle "II"]
[WhiteElo "1667"]
[BlackElo "1552"]

1. c4 e5 2. Nc3 Nf6 3. g3 Bb4 4. Bg2 O-O 5. Nf3 Nc6 6. O-O d6 7. d3 h6 8. Bd2 a5
9. Nd5 Bxd2 10. Nxd2 Nxd5 11. cxd5 Ne7 12. Rc1 Bd7 13. Nc4 Be8 14. d4 b5 15. Ne3
Ng6 16. dxe5 Nxe5 17. Qc2 Ra7 18. Rfd1 Nd7 19. Rd4 Nc5 20. Bh3 Bd7 21. Bxd7 Qxd7
22. Nf5 h5 23. Rf4 g6 24. Nd4 Raa8 25. Nf3 Rae8 26. e3 Qe7 27. h4 Qd7 28. b4 axb4
29. Rxb4 Ra8 30. Nd4 Ra4 31. Rcb1 Rfa8 32. R1b2 Rxb4 33. Rxb4 Ra4 34. Qb1 Rxb4
35. Qxb4 Qg4 36. Qxb5 Qd1+ 37. Qf1 Qd2 38. Qe2 Qc1+ 39. Kg2 Qc3 40. Qc2 Qa3 41.
Nc6 Nd3 42. Qd2 Nb2 43. e4 Qxa2 44. Qh6 f6 45. Qxg6+ Kh8 46. Ne7 1-0

[Event "Druzynowe Mistrzostwa Polski - II Liga 2023"]
[Site "Jastrzebia Gora"]
[Date "1899-12-30"]
[Round "3.120"]
[White "Dziopa, Malgorzata"]
[Black "Bartczak, Hanna"]
[Result "1/2-1/2"]
[WhiteTitle "I++"]
[BlackTitle "I++"]
[WhiteElo "1727"]
[BlackElo "1482"]

1. d4 d6 2. c4 Nf6 3. Nc3 Nbd7 4. Nf3 e5 5. dxe5 dxe5 6. Qc2 c6 7. g3 Qc7 8. Bg2
Be7 9. O-O O-O 10. Ne4 Re8 11. Nfd2 Nxe4 12. Bxe4 Nf6 13. Bg2 Kh8 14. h3 Be6 15.
b3 Rad8 16. Bb2 Qd7 17. Rfd1 Bxh3 18. Nf3 Qf5 19. Qxf5 Bxf5 20. Nxe5 Kg8 21. Rac1
Bc5 22. e3 Ng4 23. Nxg4 Bxg4 24. Rxd8 Rxd8 25. Bc3 a6 1/2-1/2

[Event "Druzynowe Mistrzostwa Polski - II Liga 2023"]
[Site "Jastrzebia Gora"]
[Date "1899-12-30"]
[Round "3.121"]
[White "Jedraszek, Pawel"]
[Black "Gierulski, Kamil"]
[Result "0-1"]
[WhiteTitle "k"]
[BlackTitle "k++"]
[WhiteElo "2098"]
[BlackElo "2256"]

1. d4 d5 2. c4 e6 3. Nf3 Nf6 4. g3 Bb4+ 5. Bd2 Be7 6. Bg2 c6 7. Qc2 Nbd7 8. O-O
b6 9. Bf4 Ba6 10. cxd5 cxd5 11. Nc3 O-O 12. Qa4 Bb7 13. Nb5 Ne4 14. Bc7 Qe8 15.
Bf4 Ndc5 16. dxc5 Nxc5 17. Qc2 Qxb5 18. Ng5 g6 19. Nf3 Rac8 20. Ne5 g5 21. Be3
Nd7 22. Qd3 Qxd3 23. Nxd3 Rc2 24. Rfc1 Rfc8 25. Rxc2 Rxc2 26. Rc1 Rxc1+ 27. Bxc1
f5 28. f4 h6 29. b3 Kf7 30. Bb2 Ba6 31. Kf2 Bd6 32. Ke3 Nf6 33. Bf3 Ke7 34. Ne5
Bc5+ 35. Kd2 g4 36. Bh1 Bg1 37. Nc6+ Kf7 38. Bxf6 Kxf6 39. Ke1 b5 40. Kf1 Bc5
41. b4 Be3 42. Ne5 Bc8 43. Nd3 h5 44. h4 gxh3 45. Bf3 Kg6 46. Ke1 Kh6 47. Kd1
Bd7 48. Nc5 Bxc5 49. bxc5 b4 50. Kc2 Bb5 51. a3 bxa3 52. Kb3 a5 53. Kxa3 Kg6 54.
Kb3 Kf6 55. Kc3 Ke7 56. Kd4 Kd7 57. Ke3 Kc6 58. Bxh5 Kxc5 59. Bf3 a4 60. Kd2 d4
61. e4 dxe3+ 62. Kxe3 Bc6 63. Kd4+ 0-1

[Event "Druzynowe Mistrzostwa Polski - II Liga 2023"]
[Site "Jastrzebia Gora"]
[Date "1899-12-30"]
[Round "3.122"]
[White "Babiarz, Arkadiusz"]
[Black "Ugorek, Kacper"]
[Result "1-0"]
[WhiteTitle "I++"]
[BlackTitle "I+"]
[WhiteElo "2046"]
[BlackElo "2004"]

1. e4 c5 2. Nf3 Nc6 3. Bb5 g6 4. O-O Bg7 5. c3 Nf6 6. Re1 O-O 7. d4 cxd4 8. cxd4
d5 9. e5 Ne4 10. Be3 Qb6 11. Bxc6 bxc6 12. Qc1 Rb8 13. b3 c5 14. dxc5 Qc7 15.
Nc3 Nxc3 16. Qxc3 Bg4 17. Bd4 Bxf3 18. Qxf3 e6 19. Qc3 Rfc8 20. Reb1 a5 21. a3
Rb5 22. b4 a4 23. f4 Qc6 24. Rf1 Rb7 25. Rf2 Qb5 26. g4 Rc6 27. Raf1 Kf8 28. Qh3
Qc4 29. Rd2 h6 30. Qe3 Ke8 31. h4 Bf8 32. Rh2 h5 33. gxh5 gxh5 34. Rc1 Qb5 35.
Qf3 Be7 36. Rc3 Kd7 37. Qxh5 Rb8 38. Rg2 Rcc8 39. Qxf7 Qc6 40. Rg7 Re8 41. Rcg3
Rbc8 42. R3g6 Rb8 43. f5 Qa6 44. Rxe6 Qd3 45. c6+ Kd8 46. Rd6+ Kc7 47. Rd7+ 1-0

[Event "Druzynowe Mistrzostwa Polski - II Liga 2023"]
[Site "Jastrzebia Gora"]
[Date "1899-12-30"]
[Round "3.123"]
[White "Walaszczyk, Aleksander"]
[Black "Ziemniak, Piotr"]
[Result "1-0"]
[WhiteTitle "I"]
[BlackTitle "I+"]
[WhiteElo "1693"]
[BlackElo "1793"]

1. e4 c5 2. Nf3 d6 3. d4 cxd4 4. Nxd4 Nf6 5. Nc3 a6 6. h3 e5 7. Nf3 Be6 8. Ng5
Qc8 9. Nxe6 Qxe6 10. g4 h6 11. Be3 Qc8 12. Rg1 Nbd7 13. h4 Nc5 14. f3 Ne6 15.
g5 hxg5 16. hxg5 Nd7 17. Qd2 Qc6 18. Nd5 Rc8 19. O-O-O Nc7 20. Nc3 b5 21. Kb1
Nb6 22. f4 b4 23. Nd5 Ncxd5 24. exd5 Qc7 25. fxe5 Na4 26. Bxa6 Qa5 27. Bxc8 Nc3+
28. bxc3 bxc3 29. Qc1 dxe5 30. d6 Bxd6 31. Rxd6 O-O 32. Rb6 Rxc8 33. Rb3 Ra8 34.
a3 Qc7 35. Qe1 1-0

[Event "Druzynowe Mistrzostwa Polski - II Liga 2023"]
[Site "Jastrzebia Gora"]
[Date "1899-12-30"]
[Round "3.124"]
[White "Wozniak, Grzegorz"]
[Black "Sasin, Michal"]
[Result "0-1"]
[WhiteTitle "I"]
[BlackTitle "I"]
[WhiteElo "1638"]
[BlackElo "1804"]

1. d4 Nf6 2. Nf3 e6 3. e3 d5 4. Bd3 c5 5. c3 Nc6 6. Nbd2 Bd6 7. O-O O-O 8. dxc5
Bxc5 9. e4 Qc7 10. Qe2 h6 11. b4 Bb6 12. Bb2 Bd7 13. a3 a6 14. h3 Nh5 15. Nb3
Ng3 16. Qc2 Nxf1 17. Rxf1 Rac8 18. Qd2 dxe4 19. Bxe4 e5 20. Re1 Be6 21. Bd5 Bxd5
22. Qxd5 Rcd8 23. Qe4 f5 24. Qe2 Qf7 25. c4 e4 26. Nfd2 Nd4 27. Nxd4 Bxd4 28.
Bxd4 Rxd4 29. Rc1 Rfd8 30. Nb3 Rd3 31. Qc2 Qh5 32. Nc5 Rd1+ 33. Kh2 R8d2 34. Qc3
Rxf2 35. Rxd1 Qxd1 36. Qg3 Rf1 37. Qe3 Qd6+ 38. g3 Qd1 39. h4 Rh1+ 40. Kg2 Qf1#
0-1

[Event "Druzynowe Mistrzostwa Polski - II Liga 2023"]
[Site "Jastrzebia Gora"]
[Date "1899-12-30"]
[Round "3.125"]
[White "Duszczak, Filip"]
[Black "Wasik, Roman"]
[Result "1-0"]
[WhiteTitle "II"]
[BlackTitle "I"]
[WhiteElo "1450"]
[BlackElo "1381"]

1. e4 c5 2. Nf3 d6 3. d4 cxd4 4. Nxd4 Nf6 5. Nc3 g6 6. Be3 Bg7 7. f3 O-O 8. Qd2
Nc6 9. O-O-O d5 10. Kb1 e5 11. Nxc6 bxc6 12. exd5 cxd5 13. Nxd5 Nxd5 14. Qxd5
Qc7 15. Qc5 Qb8 16. Bc4 Bf5 17. Bb3 Rc8 18. Qd6 Qb5 19. g4 Bf8 20. Qf6 Be6 21.
Bxe6 fxe6 22. Qxe6+ Kh8 23. Rd7 Bg7 24. Qf7 Rg8 25. Bh6 Qxd7 26. Qxd7 Bxh6 27.
h4 Rgd8 28. Qe7 Re8 29. Qc7 Bf8 30. g5 Re7 31. Qc6 Rae8 32. Qe4 Kg8 33. h5 Re6
34. Qh4 gxh5 35. Qxh5 R8e7 36. c4 Rg7 37. g6 hxg6 38. Qh8+ Kf7 39. Rh7 Rf6 40.
Rxg7+ Bxg7 41. Qa8 a6 42. c5 Bf8 43. Qb7+ Be7 44. c6 Rxf3 45. c7 Rf1+ 46. Kc2
Rf2+ 47. Kd3 Rf4 48. c8=Q e4+ 49. Ke3 g5 50. Qcc7 1-0

[Event "Druzynowe Mistrzostwa Polski - II Liga 2023"]
[Site "Jastrzebia Gora"]
[Date "1899-12-30"]
[Round "3.126"]
[White "Szelag, Zuzanna"]
[Black "Barwinska, Ewa"]
[Result "1-0"]
[WhiteTitle "k"]
[BlackTitle "WCM"]
[WhiteElo "1783"]
[BlackElo "2030"]

1. e4 c5 2. Nf3 d6 3. d4 cxd4 4. Nxd4 Nf6 5. Nc3 a6 6. f3 e5 7. Nb3 Be6 8. Be3
Be7 9. Qd2 Nbd7 10. O-O-O O-O 11. g4 b5 12. g5 b4 13. gxf6 bxc3 14. Qxc3 Nxf6
15. Na5 Rc8 16. Nc6 Qe8 17. Nxe7+ Qxe7 18. Qa5 Rc6 19. Rd2 Rfc8 20. Kb1 Qc7 21.
Qxc7 R8xc7 22. Bg5 Kf8 23. Rg1 Nd7 24. Be2 Nc5 25. Rgd1 Rd7 26. b3 f5 27. Be3
Nb7 28. Bd3 g6 29. f4 Ke7 30. Kb2 Kf6 31. h4 exf4 32. Bxf4 Nc5 33. exf5 gxf5 34.
Bg5+ Kg6 35. Rg1 Ne4 36. h5+ Kf7 37. Rdg2 Nf6 38. h6 Rb6 39. Rf2 d5 40. Bxf5 Bxf5
41. Rxf5 Rdd6 42. Bxf6 Rxf6 43. Rg7+ Kf8 44. Rxf6+ Rxf6 45. Rxh7 Kg8 46. Rd7 Rxh6
47. Rxd5 Kf7 48. Ka3 Ke7 49. c4 Rg6 50. Kb4 Rh6 51. Ka5 Rg6 52. a4 Rc6 53. Rh5
Kd7 54. Rh7+ Kc8 55. Ra7 Kb8 56. Rxa6 Rc5+ 57. Kb4 Rc7 58. Rb6+ Ka7 59. a5 Ka8
60. c5 Rc8 61. Kc4 Ka7 62. b4 Ka8 63. b5 Rh8 64. Rg6 Ka7 65. Rg7+ Ka8 66. b6 1-0

[Event "Druzynowe Mistrzostwa Polski - II Liga 2023"]
[Site "Jastrzebia Gora"]
[Date "1899-12-30"]
[Round "3.127"]
[White "Darowicki, Mariusz"]
[Black "Kutowski, Marcel"]
[Result "1/2-1/2"]
[WhiteTitle "I++"]
[BlackTitle "k"]
[WhiteElo "1906"]
[BlackElo "2170"]

1. Nf3 Nf6 2. b3 d5 3. Bb2 c5 4. g3 Nc6 5. d4 e6 6. Bg2 Bd6 7. e3 cxd4 8. exd4
O-O 9. O-O b6 10. Ne5 Qc7 11. Re1 Bb7 12. Nd2 Rac8 13. Nxc6 Qxc6 14. Rc1 Qd7 15.
Nf3 b5 16. Ne5 Qe7 17. c3 b4 18. c4 dxc4 19. bxc4 Bxg2 20. Kxg2 Bxe5 21. dxe5
Nd7 22. Qd6 Qxd6 23. exd6 Rc6 24. c5 Rxc5 25. Rxc5 Nxc5 26. Bd4 Nb7 27. Bxa7 Ra8
28. Bb6 Nxd6 29. Rd1 Ne4 30. Rd4 f5 31. Rxb4 Rxa2 32. g4 Rd2 33. gxf5 exf5 34.
Be3 Rd7 35. f3 Nf6 36. Kf2 Kf7 37. Rb5 Nd5 38. Rc5 h6 39. h4 Kg6 40. Bc1 Kh5 41.
Rc4 Rc7 42. Rxc7 Nxc7 43. Kg3 Ne6 44. Bb2 Kg6 45. Be5 Kf7 46. Bc3 f4+ 47. Kh2
Kg6 48. Be5 Kf5 49. Bc3 g6 50. Kg2 Nc7 51. Bg7 h5 52. Bf8 Ke5 53. Bg7+ Kd5 54.
Kf2 Ne6 55. Bf6 Nd4 56. Bd8 Kc4 57. Bc7 Ne6 58. Be5 Kd3 59. Bd6 Kd2 60. Be5 Kd1
61. Bd6 Kc2 62. Be5 Kd2 63. Bd6 Kd1 64. Be5 Kd2 65. Bd6 Kc3 66. Be5+ Kc4 67. Bd6
Kd5 68. Be7 Ke5 69. Kg2 Ng7 70. Bd8 Nf5 71. Bc7+ Kd4 72. Bxf4 Nxh4+ 73. Kf2 Kd5
74. Bb8 Nf5 75. Bf4 Kd4 76. Ke2 Ne7 77. Bg5 Nd5 78. Kf2 Kd3 79. Kg3 Ke2 80. Bd8
Ne3 81. Kf4 Ng2+ 82. Kg3 Ne1 83. f4 Nd3 84. Bg5 Kf1 85. Bh4 Nc1 86. Kf3 Ne2 87.
Ke3 Nc3 88. f5 Nd5+ 89. Kd4 gxf5 90. Kxd5 Kg2 91. Ke5 Kh3 92. Kxf5 Kxh4 93. Kf4
1/2-1/2

[Event "Druzynowe Mistrzostwa Polski - II Liga 2023"]
[Site "Jastrzebia Gora"]
[Date "1899-12-30"]
[Round "3.128"]
[White "Wilk, Igor"]
[Black "Wisniewski, Adam"]
[Result "1-0"]
[WhiteTitle "I++"]
[BlackTitle "I+"]
[WhiteElo "2166"]
[BlackElo "1929"]

1. d4 Nf6 2. c4 g6 3. Nc3 Bg7 4. e4 d6 5. Bd3 O-O 6. Nge2 c5 7. d5 e5 8. O-O Na6
9. f3 Bd7 10. Be3 Rb8 11. Qd2 Nb4 12. Bb1 Qc8 13. Nb5 Ne8 14. Nxa7 Qd8 15. Nb5
Ra8 16. Nxd6 b6 17. Nxe8 Rxe8 18. a3 Qc8 19. Bc2 Nxc2 20. Qxc2 Qa6 21. a4 f5 22.
b3 f4 23. Bf2 g5 24. Nc3 Qc8 25. d6 Qd8 26. Nd5 Rf8 27. a5 Rxa5 28. Rxa5 bxa5
29. Bxc5 g4 30. Ne7+ Kh8 31. Nf5 Qg5 32. fxg4 Qxg4 33. Qd1 Qg5 34. Qd5 Bf6 35.
Ne7 Bh3 36. Qd2 Qg7 37. Kh1 Bd7 38. Ba3 Bg5 39. Qe2 h6 40. Qh5 Kh7 41. h4 Bxe7
42. dxe7 Rg8 43. Qf3 Qg6 44. Bb2 Bg4 45. Qf2 Qf6 46. Ra1 f3 47. g3 Bh3 48. Rxa5
Bg2+ 49. Kg1 Qe6 50. e8=Q Rxe8 51. Rxe5 Qd7 52. Rd5 Qf7 53. Qd4 f2+ 54. Qxf2 Qxf2+
55. Kxf2 Bxe4 56. Rd7+ Kg6 57. g4 Rg8 58. Kg3 Bc2 59. h5+ 1-0

[Event "Druzynowe Mistrzostwa Polski - II Liga 2023"]
[Site "Jastrzebia Gora"]
[Date "1899-12-30"]
[Round "3.129"]
[White "Szmidt, Przemyslaw"]
[Black "Bielczyk, Jacek"]
[Result "1/2-1/2"]
[WhiteTitle "I++"]
[BlackTitle "IM"]
[WhiteElo "1824"]
[BlackElo "2238"]

1. d4 Nf6 2. c4 c5 3. d5 b5 4. cxb5 a6 5. bxa6 e6 6. Nc3 Nxd5 7. Nxd5 exd5 8. Qxd5
Nc6 9. e3 Be7 10. Bd2 O-O 11. Nf3 Qb6 12. Bc3 Bxa6 13. Bxa6 Qxa6 14. Nd2 Bf6 15.
Qc4 Bxc3 16. bxc3 d5 17. Qxd5 Na5 18. Rd1 Rfd8 19. Qf3 Nc4 20. Qe2 Nxd2 21. Rxd2
Rxd2 22. Qxa6 Rxa6 23. Kxd2 Rxa2+ 24. Kd3 Rxf2 25. Kc4 Rxg2 26. Kxc5 Kf8 27. c4
Ke7 28. Kd5 Rd2+ 29. Kc6 Re2 30. c5 Rxe3 31. Kc7 f5 32. Rf1 Ke6 33. c6 Ke5 34.
Kd7 Rd3+ 35. Ke7 Rc3 36. Re1+ Kd4 37. Kd7 f4 38. Re7 f3 39. Rxg7 f2 40. Rf7 Ke3
41. Re7+ Kd2 42. Rf7 Ke2 43. Re7+ Re3 44. Rxe3+ Kxe3 45. c7 f1=Q 46. c8=Q Qh3+
47. Kd8 Qxc8+ 48. Kxc8 h5 49. Kd7 h4 50. Ke6 Ke4 51. h3 Kf4 52. Kd5 Kg3 53. Ke4
Kxh3 54. Kf3 1/2-1/2

[Event "Druzynowe Mistrzostwa Polski - II Liga 2023"]
[Site "Jastrzebia Gora"]
[Date "1899-12-30"]
[Round "3.130"]
[White "Sadzikowski, Marian"]
[Black "Wisniewski, Szymon"]
[Result "0-1"]
[WhiteTitle "I+"]
[BlackTitle "I+"]
[WhiteElo "1706"]
[BlackElo "1754"]

1. e4 c5 2. f4 g6 3. Nf3 Bg7 4. d3 Nc6 5. c3 d5 6. e5 Nh6 7. Be2 Bg4 8. O-O e6
9. Na3 a6 10. Nc2 Nf5 11. h3 Bxf3 12. Rxf3 h5 13. Ne3 Nce7 14. Nxf5 Nxf5 15. b4
cxb4 16. Qa4+ b5 17. Qxb4 Bf8 18. Qb3 Bc5+ 19. Kh2 O-O 20. Bb2 d4 21. c4 Rb8 22.
Bc1 bxc4 23. Qxc4 Qa5 24. Qc2 Rfc8 25. Bd2 Bb4 26. Bxb4 Qxb4 27. Qb3 Qd2 28. Qd1
Rc2 29. Qxd2 Rxd2 30. Bf1 Rbb2 31. a4 Ne3 32. Rg3 h4 33. Rg5 Rf2 34. Kg1 Rxf4
35. g3 hxg3 36. Rxg3 Rff2 37. Re1 Kg7 38. a5 Kh6 39. Rexe3 dxe3 40. Rxe3 Kg5 41.
d4 Kf4 42. Rc3 Rfc2 43. Rd3 Rc1 44. d5 exd5 45. Rxd5 Rbb1 46. e6 Rxf1+ 47. Kg2
fxe6 48. Rd6 Rfd1 0-1

[Event "Druzynowe Mistrzostwa Polski - II Liga 2023"]
[Site "Jastrzebia Gora"]
[Date "1899-12-30"]
[Round "3.131"]
[White "Mioduszewski, Szymon"]
[Black "Balis, Sebastian"]
[Result "1-0"]
[WhiteTitle "II"]
[BlackTitle "II+"]
[WhiteElo "1534"]
[BlackElo "1484"]

1. e4 c5 2. Nf3 e6 3. c3 d5 4. exd5 Qxd5 5. d4 Nc6 6. Bd3 cxd4 7. cxd4 Nf6 8. Nc3
Qd6 9. O-O Be7 10. a3 O-O 11. Be3 Rd8 12. Qe2 h6 13. Rad1 a6 14. Qd2 b5 15. Bxh6
gxh6 16. Qxh6 Rd7 17. Ng5 Bd8 18. Bh7+ Nxh7 19. Qxh7+ Kf8 20. Qh8+ Ke7 21. Nh7
Rda7 22. d5 Qe5 23. Qf8+ Kd7 24. dxc6+ Kxc6 25. Rxd8 Bb7 26. Rc1 1-0

[Event "Druzynowe Mistrzostwa Polski - II Liga 2023"]
[Site "Jastrzebia Gora"]
[Date "1899-12-30"]
[Round "3.132"]
[White "Salamon, Julia"]
[Black "Lukasiewicz, Anna"]
[Result "1/2-1/2"]
[WhiteTitle "I++"]
[BlackTitle "m"]
[WhiteElo "1814"]
[BlackElo "1805"]

1. d4 d5 2. c4 e6 3. Nc3 Nf6 4. Bg5 Be7 5. Nf3 h6 6. Bh4 O-O 7. e3 b6 8. Rc1 Bb7
9. cxd5 Nxd5 10. Bxe7 Qxe7 11. Bd3 Rc8 12. O-O Nxc3 13. Rxc3 Nd7 14. Bb5 c6 15.
Be2 c5 16. Qa4 e5 17. dxe5 Nxe5 18. Nxe5 Qxe5 19. Rd1 Bc6 20. Qg4 Rd8 21. f4 Qf6
22. Bf3 Rxd1+ 23. Bxd1 Rd8 24. Qe2 Bb5 25. Qc2 Qh4 26. g3 Qh3 27. Be2 Bc6 28.
e4 Qe6 29. Bd3 Qd7 30. Qe2 Qd4+ 31. Kf1 Re8 32. Rc4 Qd7 33. Rc3 Qh3+ 34. Kg1 Qe6
35. Ra3 a5 36. Rb3 Bb7 37. Bc4 Qf6 38. e5 Qc6 39. Kf2 Rd8 40. e6 Qg2+ 41. Ke1
Qh1+ 42. Qf1 Qe4+ 43. Qe2 Qh1+ 1/2-1/2

[Event "Druzynowe Mistrzostwa Polski - II Liga 2023"]
[Site "Jastrzebia Gora"]
[Date "1899-12-30"]
[Round "4.5"]
[White "Owoc, Jakub"]
[Black "Bugajski, Robert"]
[Result "0-1"]
[WhiteTitle "I+"]
[BlackTitle "FM"]
[WhiteElo "1915"]
[BlackElo "1928"]

1. d4 Nf6 2. c4 g6 3. Nc3 d5 4. cxd5 Nxd5 5. e4 Nxc3 6. bxc3 Bg7 7. Bc4 c5 8. Ne2
Nc6 9. Be3 O-O 10. O-O Qc7 11. Rb1 Rd8 0-1

[Event "Druzynowe Mistrzostwa Polski - II Liga 2023"]
[Site "Jastrzebia Gora"]
[Date "1899-12-30"]
[Round "4.10"]
[White "Flis, Pawel"]
[Black "Szyszylo, Rafal"]
[Result "0-1"]
[WhiteTitle "CM"]
[BlackTitle "CM"]
[WhiteElo "1948"]
[BlackElo "2074"]

1. e4 d6 2. d4 Nf6 3. Nc3 g6 4. Be3 c6 5. Qd2 Bg7 6. Nf3 O-O 7. h3 Nbd7 8. Bd3
e5 9. dxe5 dxe5 10. O-O Qe7 0-1

[Event "Druzynowe Mistrzostwa Polski - II Liga 2023"]
[Site "Jastrzebia Gora"]
[Date "1899-12-30"]
[Round "4.14"]
[White "Stachanczyk, Jacek"]
[Black "Kolodziejski, Piotr"]
[Result "1/2-1/2"]
[WhiteTitle "IM"]
[BlackTitle "k"]
[WhiteElo "2126"]
[BlackElo "2276"]

1. e4 c5 2. Nf3 d6 3. d4 cxd4 4. Nxd4 Nf6 5. Nc3 a6 6. Bg5 e6 7. f4 h6 8. Bh4 Be7
9. Qf3 Nbd7 10. O-O-O Qc7 11. Bd3 g5 12. fxg5 Ne5 13. Qe2 Nfg4 14. Nf3 1/2-1/2

[Event "Druzynowe Mistrzostwa Polski - II Liga 2023"]
[Site "Jastrzebia Gora"]
[Date "1899-12-30"]
[Round "4.19"]
[White "Karpus, Michal"]
[Black "Klepek, Witold"]
[Result "1-0"]
[WhiteTitle "FM"]
[BlackTitle "k++"]
[WhiteElo "2246"]
[BlackElo "2299"]

1. e4 c5 2. Nf3 e6 3. d4 cxd4 4. Nxd4 Nf6 5. Nc3 Nc6 6. Ndb5 d6 7. Bf4 e5 8. Bg5
a6 9. Na3 b5 10. Bxf6 gxf6 11. Nd5 Bg7 12. Bd3 Ne7 13. Nxe7 Qxe7 14. c4 f5 15.
O-O O-O 16. Qh5 1-0

[Event "Druzynowe Mistrzostwa Polski - II Liga 2023"]
[Site "Jastrzebia Gora"]
[Date "1899-12-30"]
[Round "4.25"]
[White "Mondrzycki, Bartlomiej"]
[Black "Sliwicka, Alicja"]
[Result "1-0"]
[WhiteTitle "CM"]
[BlackTitle "WIM"]
[WhiteElo "2208"]
[BlackElo "2321"]

1. Nf3 Nf6 2. c4 e6 3. g3 d5 4. Bg2 d4 5. O-O c5 6. e3 Nc6 7. d3 Bd6 8. exd4 cxd4
9. Bg5 h6 10. Bxf6 Qxf6 11. Nbd2 Qd8 12. a3 a5 1-0

[Event "Druzynowe Mistrzostwa Polski - II Liga 2023"]
[Site "Jastrzebia Gora"]
[Date "1899-12-30"]
[Round "4.30"]
[White "Sliwicka, Weronika"]
[Black "Zdziarska-zareba, Lidia"]
[Result "1/2-1/2"]
[WhiteTitle "I"]
[BlackTitle "k+"]
[WhiteElo "1526"]
[BlackElo "1806"]

1. e4 c5 2. Nf3 a6 3. d4 cxd4 4. Nxd4 Nf6 5. Nc3 e5 6. Nb3 Bb4 7. Bd3 Bxc3+ 8.
bxc3 O-O 9. O-O Qc7 10. c4 d6 1/2-1/2

[Event "Druzynowe Mistrzostwa Polski - II Liga 2023"]
[Site "Jastrzebia Gora"]
[Date "1899-12-30"]
[Round "4.32"]
[White "Kozlowski, Michal"]
[Black "Cichocki, Adam"]
[Result "1-0"]
[WhiteTitle "I++"]
[BlackTitle "FM"]
[WhiteElo "2048"]
[BlackElo "2286"]

1. e4 e6 2. d4 d5 3. Nd2 Nf6 4. e5 Nfd7 5. c3 c5 6. Bd3 Nc6 7. Ne2 cxd4 8. cxd4
f6 9. exf6 Nxf6 10. Nf3 Bd6 11. O-O Qc7 12. Bg5 O-O 13. Bh4 Nh5 14. Qc2 h6 15.
Bh7+ Kh8 16. Bg6 1-0

[Event "Druzynowe Mistrzostwa Polski - II Liga 2023"]
[Site "Jastrzebia Gora"]
[Date "1899-12-30"]
[Round "4.35"]
[White "Hiszczynski, Jakub"]
[Black "Strepikowski, Pawel"]
[Result "0-1"]
[WhiteTitle "I++"]
[BlackTitle "I"]
[WhiteElo "1858"]
[BlackElo "1855"]

1. e4 d6 2. d4 Nf6 3. Nc3 g6 4. Be3 a6 5. Qd2 b5 6. f3 Nbd7 7. h4 Nb6 8. b3 h5
9. a4 b4 10. Nd1 a5 11. Nb2 0-1

[Event "Druzynowe Mistrzostwa Polski - II Liga 2023"]
[Site "Jastrzebia Gora"]
[Date "1899-12-30"]
[Round "4.44"]
[White "Szewczyk, Mariusz"]
[Black "Jarzebowski, Kacper"]
[Result "1-0"]
[WhiteTitle "k"]
[BlackTitle "k+"]
[WhiteElo "2134"]
[BlackElo "2145"]

1. e4 c5 2. Nf3 e6 3. c3 Nf6 4. e5 Nd5 5. d4 cxd4 6. cxd4 d6 7. Bc4 Be7 8. O-O
O-O 9. Qe2 b6 10. Qe4 Ba6 11. Nbd2 1-0

[Event "Druzynowe Mistrzostwa Polski - II Liga 2023"]
[Site "Jastrzebia Gora"]
[Date "1899-12-30"]
[Round "4.46"]
[White "Rzeszowski, Dominik"]
[Black "Kicinski, Jacek"]
[Result "1-0"]
[WhiteTitle "I++"]
[BlackTitle "I+"]
[WhiteElo "1940"]
[BlackElo "1929"]

1. e4 c6 2. d4 d5 3. f3 e6 4. Be3 Qb6 5. Nd2 Nd7 6. Nb3 Ngf6 7. Bd3 e5 8. Qe2 Qc7
9. O-O-O dxe4 10. fxe4 exd4 11. Bxd4 Ne5 12. Nf3 Bd6 13. h3 Be6 14. Nc5 Bxa2 15.
Nxb7 Nxd3+ 16. Qxd3 Bf4+ 17. Be3 Bxe3+ 18. Qxe3 Qxb7 19. b3 O-O 20. Kb2 Bxb3 21.
cxb3 a5 22. Rd6 a4 23. Nd4 axb3 24. Rxf6 gxf6 25. Nf5 Kh8 26. Qd4 Ra2+ 27. Kb1
Ra1+ 28. Qxa1 b2 29. Qxb2 Qxb2+ 30. Kxb2 Re8 31. Rd1 h5 32. Nd6 Re6 33. Nxf7+
Kg7 34. Nd6 Kg6 35. Kc3 Kg5 36. Rd3 Kf4 37. Kc4 Re5 38. Rf3+ 1-0

[Event "Druzynowe Mistrzostwa Polski - II Liga 2023"]
[Site "Jastrzebia Gora"]
[Date "1899-12-30"]
[Round "4.47"]
[White "Rajlich, Vaclav"]
[Black "Powalka, Michal"]
[Result "0-1"]
[WhiteTitle "I"]
[BlackTitle "I++"]
[WhiteElo "1596"]
[BlackElo "1943"]

1. e4 e5 2. Nf3 Nc6 3. Bc4 Nf6 4. d3 Bc5 5. c3 d6 6. O-O a6 7. a4 Ba7 8. Nbd2 Be6
9. Bxe6 fxe6 10. Re1 O-O 11. h3 Nh5 12. Nf1 Nf4 13. Be3 Qf6 14. N1h2 0-1

[Event "Druzynowe Mistrzostwa Polski - II Liga 2023"]
[Site "Jastrzebia Gora"]
[Date "1899-12-30"]
[Round "4.51"]
[White "Majewski, Krzysztof"]
[Black "Celinski, Kamil"]
[Result "0-1"]
[WhiteTitle "I+"]
[BlackTitle "I++"]
[WhiteElo "1903"]
[BlackElo "1841"]

1. b3 g6 2. Bb2 Nf6 3. g3 d5 4. Bg2 Bg7 5. d3 O-O 6. Nd2 c5 7. c4 d4 8. Ngf3 Nc6
9. a3 a5 10. O-O Re8 11. Ng5 0-1

[Event "Druzynowe Mistrzostwa Polski - II Liga 2023"]
[Site "Jastrzebia Gora"]
[Date "1899-12-30"]
[Round "4.52"]
[White "Kaminski, Jan"]
[Black "Gajdzica, Maciej"]
[Result "0-1"]
[WhiteTitle "I++"]
[BlackTitle "k"]
[WhiteElo "1858"]
[BlackElo "1968"]

1. e4 e5 2. Nf3 Nc6 3. Bc4 Nf6 4. d3 Be7 5. O-O O-O 6. Re1 d6 7. c3 Na5 8. Bb5
a6 9. Ba4 b5 10. Bc2 c5 11. d4 0-1